Statistics for Medical Definition of Age by Decade

Click here to take the quiz!

General Stats

  • This quiz has been taken 20 times
  • The average score is 4 of 11

Answer Stats

HintAnswer% Correct
Age 80-89Octogenarian
93%
Age 100 or moreCentenarian
40%
Age 110+Supercentenarian
40%
Age 90-99Nonagenarian
33%
Age 70-79Septuagenarian
27%
Age 60-69Sexagenarian
27%
Age 10-19Denarian
20%
Age 50-59Quinquagenarian
20%
Age 30-39Tricenarian
20%
Age 20-29Vicenarian
20%
Age 40-49Quadragenarian
13%

Score Distribution

Percentile by Number Answered

Percent of People with Each Score

Your Score History

You have not taken this quiz